| 000 | 01077nam a2200301 a 4500 | ||
|---|---|---|---|
| 001 | 015497636 | ||
| 003 | OSt | ||
| 005 | 20201128021137.0 | ||
| 008 | 091002s2010 xxk frb 001 0 eng d | ||
| 020 | _a9781906659691 (cased) | ||
| 020 | _a1906659699 (cased) | ||
| 040 |
_aUK-WkNB _beng _cUK-WkNB _dUk _dEG-ScBUE |
||
| 082 | 0 | 0 |
_a332.6401 _222 _bFOX |
| 100 | 1 |
_aFox, Justin, _d1964- _936718 |
|
| 245 | 1 | 4 |
_aThe myth of the rational market : _ba history of risk, reward, and delusion on Wall Street / _cJustin Fox. |
| 260 |
_aPetersfield, United Kingdom : _bHarriman House LTD, _c2010. |
||
| 300 |
_axviii, 382 p. ; _c24 cm. |
||
| 500 | _aFirst published: New York : Harper Business, 2009. | ||
| 500 | _aIndex : p. 371-382. | ||
| 504 | _aBibliography : p. 334-370. | ||
| 650 | 0 |
_aRational expectations (Economic theory) _936719 |
|
| 650 | 0 |
_aEconomics _xPsychological aspects _936720 |
|
| 650 | 0 |
_aEconomics _xHistory _93123 |
|
| 651 | 0 |
_aWall Street (New York, N.Y.) _936721 |
|
| 653 |
_bBUSADM _cDecember2014 |
||
| 655 |
_vreading book _934232 |
||
| 942 |
_2ddc _k332.6401 FOX |
||
| 999 |
_c18692 _d18664 |
||